• 首页
  • 本馆介绍
  • 公告通知
  • 最新文献
  • 馆藏检索
  • 电子资源
  • 读者导购
  • 参考咨询
  • 我的图书馆
  • 登录
  • 详细信息显示
  • 放入我的书架
  • 预约/预借图书
  • 作者相关作品
  • 分类相关作品
  • 丛书相关作品
  • 出版社相关作品

书目信息

  • 表格格式
  • 工作单格式
  • 卡片格式
题名:
《齐民要术》选释
    
 
作者: 贾思勰 著 ;大寨大队理论组 注释
分册:  
出版信息: 北京   科学出版社  1975
页数: 170页
开本: 20cm
丛书名:
单 册:
中图分类: S-092.39
科图分类:
主题词: 农业史--中国--南北朝
电子资源:
ISBN:
000 00749nam0 2200253 45
001 0175003590
005 20060914084716.43
010    @dCNY0.48
100    @a19951012d1975 em y0chiy0121 ea
101 0  @achi
102    @aCN@b110000
105    @ay z 000yy
200 10 @a《齐民要术》选释@A《 qi min yao shu 》 xuan shi@f(北魏)贾思勰著@g大寨大队理论组等注释
210    @a北京@c科学出版社@d1975
215    @a170页@d20cm
517 1  @a齐民要术选释@Aqi min yao shu xuan shi
605    @a齐民要术@x注释
606    @a农业史@y中国@z南北朝
690    @aS-092.39@v3
701  0 @a贾思勰@Ajia si xie@4著
712 02 @a大寨大队理论组@Ada zhai da dui li lun zu@4注释
801  2 @aCN@bNLC@c20060914
801  0 @aCN@bTSSF
905    @a10447@dS-092.39@e35
    
    《齐民要术》选释/(北魏)贾思勰著/大寨大队理论组等注释.-北京:科学出版社,1975
    170页;20cm
    
    
    ISBN :CNY0.48
    
●
相关链接 在E读中查询图书 在五车中查询图书 在当当中查询图书 在豆瓣中查询图书


正题名:《齐民要术》选释     索取号:S-092.39/35         预约/预借

序号 登录号 条形码 馆藏地/架位号 状态 备注
1 0475629   204756291   密集书库/ [索取号:S-092.39/35] 在馆    
唐山师范学院图书馆 欢迎您!
大连网信软件有限公司© 版权所有